Elegias de septiembre /

সংরক্ষণ করুন:
গ্রন্থ-পঞ্জীর বিবরন
প্রধান লেখক: Pastoriza Iyodo, Benito (লেখক)
অন্যান্য লেখক: Porter Seale, Estela
বিন্যাস: গ্রন্থ
ভাষা:স্প্যানিশ
প্রকাশিত: [Mexico] : Terra Firme, 2003
ট্যাগগুলো: ট্যাগ যুক্ত করুন
কোনো ট্যাগ নেই, প্রথমজন হিসাবে ট্যাগ করুন!

MARC

LEADER 00000nam a22000007i 4500
001 IT\ICCU\UBO\3182119
003 ItRI
005 20260115231959.0
008 070411s2003 mx |||||| ||||| |||||c
020 |a 9709339419 
040 |b ita  |c importazione bologna sebina 
041 7 |a spa  |2 ISO-639-2 
100 1 |a Pastoriza Iyodo, Benito  |0 IT\ICCU\UBOV\096919  |4 aut 
245 1 0 |a Elegias de septiembre /  |c Benito Pastoriza Iyodo ; prologo por Estela Porter Seale. 
260 |a [Mexico] :  |b Terra Firme,  |c 2003 
300 |a 72 p. ;  |c 21 cm. 
700 1 |a Porter Seale, Estela  |0 IT\ICCU\UBOV\096936 
942 |2 ddc  |c BK  |n 0 
952 |0 0  |1 0  |4 0  |6 DOC_863_700000000000000_PAS  |7 0  |9 18439  |a BO  |b BO  |d 2026-01-15  |i 10960  |l 0  |o DOC 863.7 PAS  |p BO10960  |r 2026-01-15 23:19:59  |w 2026-01-15  |x [Sebina 5] [1 v.]  |y BK  |z 1 v. 
952 |0 0  |1 0  |4 0  |6 DOC_863_700000000000000_PAS  |7 0  |9 18440  |a BO  |b BO  |d 2026-01-15  |i 10961  |l 0  |o DOC 863.7 PAS  |p BO10961  |r 2026-01-15 23:19:59  |w 2026-01-15  |x [Sebina 5] [1 v.]  |y BK  |z 1 v. 
999 |c 15604  |d 15604